000
00294nam a2200121Ia 4500
008
191201s2008 xx 000 0 und d
100
_a
HOODA, R.P.
245
0
_a
Statistics for Business and Economics
260
_a
N. Delhi
_b
Macmillan
_c
2008
300
_a
855
650
_a
BBA
942
_2
ddc
_c
BK
999
_c
6596
_d
6596